000 00852nam a22002297a 4500
999 _c20548
_d20548
003 AR-CdUCM
008 190531b ||||| |||| 00| 0 spa d
040 _aMUNICIPALIDAD PROVINCIAL DEL CUSCO
_cBIBLIOTECA MUNICIPAL DEL CUSCO
082 _a910 /
_bSO63
100 _aSobrequés, Santiago
_942958
245 _aPaíses y naciones :
_bTemas de geografía universal y de historia moderna /
260 _aBarcelona :
_bTeide,
_c1973.
300 _a191 páginas ;
_bFotos, imagenes,
_c34 cm
440 _aLibro de consulta Teide
_n7
_942959
505 _aContenido : Temas de geografía universal -- Temas de historia moderna -- El renacimiento y los tiempos nuevos...
650 _aGeografía
_9318
650 _aHistoria moderna
_912930
650 _aEuropa
_91221
650 _aColonizacion en America
_942960
942 _2ddc
_cLIBROS
945 _arcc